Prospectiva geopolítica para el 2020: Capitalismo Unipopular o Poscapitalismo multipolar, Nacionalismos, Continentalismos, Globalismo o Pluriversalismo /

محفوظ في:
التفاصيل البيبلوغرافية
المؤلف الرئيسي: Dierckxsens, Wim
مؤلفون آخرون: Formento, Walter, Luciani Conde, Leandro
التنسيق: كتاب
اللغة:Spanish
منشور في: Ciudad Autónoma de Buenos Aires, Argentina: Editorial FEDUN, 2019
الوسوم: إضافة وسم
لا توجد وسوم, كن أول من يضع وسما على هذه التسجيلة!

MARC

LEADER 00000nam a22000007a 4500
003 cru CIDCACS/IIS
005 20240814094017.0
008 210413b2019 ag ||||| |||| 00| 0 spa d
020 |a 978-987-3640-24-7 
040 |a CIDCACS/IIS  |b spa  |c CIDCACS/IIS 
090 |a D563p 
100 1 |9 41  |a Dierckxsens, Wim 
245 1 |a Prospectiva geopolítica para el 2020:  |b Capitalismo Unipopular o Poscapitalismo multipolar, Nacionalismos, Continentalismos, Globalismo o Pluriversalismo /  |c Wim Dierckxsens  |h [impreso] 
260 |a Ciudad Autónoma de Buenos Aires, Argentina:  |b Editorial FEDUN,  |c 2019 
300 |a 75 páginas 
700 |9 9934  |a Formento, Walter 
700 1 |a Luciani Conde, Leandro  |9 12299 
942 |2 z  |c LI  |h D563p  |6 D563P 
999 |c 43644  |d 43644